MARC

LEADER 00000cam a22000004a 4500
001 musev2_82964
003 MdBmJHUP
005 20230905052525.0
006 m o d
007 cr||||||||nn|n
008 171221r19931991azu o 00 0 eng d
020 |a 9780816543939 
020 |z 9780816513604 
020 |z 9780816511808 
035 |a (OCoLC)1287098334 
040 |a MdBmJHUP  |c MdBmJHUP 
245 0 4 |a The Mesoamerican Ballgame /   |c edited by Vernon L. Scarborough and David R. Wilcox. 
264 1 |a Tucson :  |b The University of Arizona Press,  |c [1993] 
264 3 |a Baltimore, Md. :  |b Project MUSE,   |c 2021 
264 4 |c ©[1993] 
300 |a 1 online resource (422 pages):   |b illustrations, maps ; 
336 |a text  |b txt  |2 rdacontent 
337 |a computer  |b c  |2 rdamedia 
338 |a online resource  |b cr  |2 rdacarrier 
500 |a Originally published: 1991. 
588 |a Description based on print version record. 
650 7 |a Pelota (Indian game)  |2 fast  |0 (OCoLC)fst01056707 
650 7 |a Indians of Mexico  |x Antiquities.  |2 fast  |0 (OCoLC)fst00969517 
650 7 |a Indians of Mexico.  |2 fast  |0 (OCoLC)fst00969510 
650 7 |a Indians of Central America  |x Antiquities.  |2 fast  |0 (OCoLC)fst00969435 
650 7 |a Indians of Central America.  |2 fast  |0 (OCoLC)fst00969430 
650 7 |a Antiquities.  |2 fast  |0 (OCoLC)fst00810745 
650 0 |a Indians of Central America  |x Antiquities. 
650 0 |a Indians of Mexico  |x Antiquities. 
650 0 |a Indians of Central America  |x Games. 
650 0 |a Indians of Mexico  |x Games. 
650 0 |a Pelota (Indian game) 
651 7 |a Mexico.  |2 fast  |0 (OCoLC)fst01211700 
651 7 |a Central America.  |2 fast  |0 (OCoLC)fst01244535 
651 0 |a Central America  |x Antiquities. 
651 0 |a Mexico  |x Antiquities. 
655 7 |a Games.  |2 fast  |0 (OCoLC)fst01726787 
655 7 |a Electronic books.   |2 local 
700 1 |a Wilcox, David R.,  |d 1944-  |e editor. 
700 1 |a Scarborough, Vernon L.  |q (Vernon Lee),  |d 1950-  |e editor. 
710 2 |a Project Muse.  |e distributor 
830 0 |a Book collections on Project MUSE. 
856 4 0 |z Texto completo  |u https://projectmuse.uam.elogim.com/book/82964/ 
945 |a Project MUSE - Custom Collection